000 00774nam a2200217 a 4500
001 BRCA_8726
005 20190320210400.0
008 150217s1780----sp-#######---#000-0#spa-#
041 _aspa
044 _asp
084 _aBE72
_b.B68 1780
100 1 _aBurdaloue, Luis (S.I.)
_921671
245 1 0 _aTomo quarto de la dominicas del padre Luis Burdalue, de la extinguida compañía llamada de Jesús, nuevamente traducidas del francés al castellano.
250 _a2a ed.
260 _aMadrid
_bEn la Imprenta de Blas Roman
_c1780
300 _a[2, 276 p. (t.4)
_c21.5 x 16 cm
500 _aEstado físico: presenta lomo y algunas hojas desprendidas, y presencia del pez de plata
650 1 4 _aSermones
_yObras anteriores a 1800
_921369
902 _aCFM
942 _2lcc
_cB
999 _c8378
_d8378